Manual descriptivo de funciones y requisitos de la Escuela Superior de Administracion Publica ESAP (Registro nro. 29563)

Detalles MARC
000 -CABECERA
campo de control de longitud fija 00816nam a2200241Ia 4500
001 - NÚMERO DE CONTROL
campo de control 29563
003 - IDENTIFICADOR DEL NÚMERO DE CONTROL
campo de control 95073
005 - FECHA Y HORA DE LA ÚLTIMA TRANSACCIÓN
campo de control 20250312062557.0
008 - DATOS DE LONGITUD FIJA--INFORMACIÓN GENERAL
campo de control de longitud fija ||||||n9999 ||| || ||
041 ## - CÓDIGO DE LENGUA
Código de lengua del texto/banda sonora o título independiente spa
245 #0 - MENCIÓN DE TÍTULO
Título Manual descriptivo de funciones y requisitos de la Escuela Superior de Administracion Publica ESAP
Resto del título Resolución 1780 de 1990
260 ## - PUBLICACIÓN, DISTRIBUCIÓN, ETC.
Lugar de publicación, distribución, etc. Bogotá :
Nombre del editor, distribuidor, etc. Escuela Superior de Administración Pública - ESAP,
Fecha de publicación, distribución, etc. 1990.
300 ## - DESCRIPCIÓN FÍSICA
Extensión 334h
562 ## - NOTA DE IDENTIFICACIÓN DE LA COPIA Y VERSIÓN
Número de copias 1
650 ## - PUNTO DE ACCESO ADICIONAL DE MATERIA--TÉRMINO DE MATERIA
Término de materia o nombre geográfico como elemento de entrada ANÁLISIS DE CARGOS
9 (RLIN) 11842
650 #0 - PUNTO DE ACCESO ADICIONAL DE MATERIA--TÉRMINO DE MATERIA
Término de materia o nombre geográfico como elemento de entrada BOGOTÁ (COLOMBIA)--ADMINISTRACIÓN PÚBLICA
9 (RLIN) 1503
650 ## - PUNTO DE ACCESO ADICIONAL DE MATERIA--TÉRMINO DE MATERIA
Término de materia o nombre geográfico como elemento de entrada COLOMBIA
9 (RLIN) 42587
650 ## - PUNTO DE ACCESO ADICIONAL DE MATERIA--TÉRMINO DE MATERIA
Término de materia o nombre geográfico como elemento de entrada DESCRIPCION DE CARGOS
9 (RLIN) 11865
650 #0 - PUNTO DE ACCESO ADICIONAL DE MATERIA--TÉRMINO DE MATERIA
Término de materia o nombre geográfico como elemento de entrada ESCUELA SUPERIOR DE ADMINISTRACION PUBLICA
9 (RLIN) 9512
650 ## - PUNTO DE ACCESO ADICIONAL DE MATERIA--TÉRMINO DE MATERIA
Término de materia o nombre geográfico como elemento de entrada MANUAL DE FUNCIONES
9 (RLIN) 5276
650 ## - PUNTO DE ACCESO ADICIONAL DE MATERIA--TÉRMINO DE MATERIA
Término de materia o nombre geográfico como elemento de entrada PLANTA DE PERSONAL
9 (RLIN) 11818
942 ## - ELEMENTOS DE PUNTO DE ACCESO ADICIONAL (KOHA)
Tipo de ítem Koha Documento ESAP
Existencias
Estado de retiro Estado de pérdida Estado dañado No para préstamo Código de colección Localización permanente Ubicación/localización actual Coste, precio normal de compra Total de préstamos Signatura topográfica completa Código de barras Número de copia Tipo de ítem Koha
        Documentos ESAP Bogotá - Sede Central Bogotá - Sede Central 45000.00   COD.01.01.013 84600 1 Documento ESAP